000 00411nam a2200145Ia 4500
008 240729s9999 xx 000 0 und d
022 _a2090-3286
245 0 _aJournal of the Arab Society for Medical Research
260 _aIndia
260 _bWolters Kluwer Medknow Publications
650 _aMedicine
856 _uhttps://doaj.org/toc/33338d52f64a48dd901baa7749724488
942 _2ddc
942 _cDOAJEJ
999 _c66971
_d66971
945 _a1
_bMadushi Gamage
_c1
_dMadushi Gamage